000 00691nam a2200241 a 4500
001 53155
003 BD-RJUL
005 20211209075922.0
008 890629s20082007nyu b 001 0 eng d
035 _a(BD-RjUL)53275
040 _aBD-RjUL
_beng
_cBD-RjUL
041 _aeng
082 _a658.404
_219
_bPAP 2008
100 1 _aPatel, Bhavesh M
_9158891
245 1 0 _aProject management /
_cBhavesh M Patel
260 _aNew York ;
_aChichester :
_bWiley,
_c2007 [reprint 20008]
300 _axv, 666 p. :
_bill. ;
_c24 cm
500 _aIncludes index
504 _aIncludes bibliographies
650 0 _aProject management.
_9117612
942 _2ddc
_cBK
999 _c53155
_d53155